000 00891nam a2200265 i 4500
003 DO-SdBNP
005 20240131145443.0
007 ta
008 110301s2002 dr 000 0 spa d
040 _aDO-SdBNP
_bspa
_cBNPHU
_erda
082 4 _bL864p
_222
100 1 _aLópez Reyes, Oscar
_953018
_eautor
245 1 0 _aPersevere y triunfe :
_brelato de un viacrucis /
_cOscar López Reyes ; prólogo, Rafael Méndez
264 _aSanto Domingo :
_beditor no identificado,
_c2002.
300 _a142 páginas :
_c21 cm.
336 _2rdacontent
_atexto
_btxt
337 _2rdamedia
_asin mediación
_bn
338 _2rdacarrier
_avolumen
_bnc
500 _aIncluye datos biográficos del autor en la contracubierta.
504 _aBibliografía : p. 139-142
590 _aInventariado, 2022/ YL
700 1 _aMendez, Rafael,
_eproóogo
_98437
910 _aYLockward
942 _2ddc
_cLBS1
999 _c51837
_d51837